Entre los jefes bolcheviques /

Testimonio de un político ruso que fue parte del Partido Comunista en Rusia durante la Revolución de Octubre.

Gespeichert in:
Bibliographische Detailangaben
1. Verfasser: Solomon, Georges (autor)
Format: Buch
Sprache:Spanisch
Veröffentlicht: Madrid, España : Razón y Fe, 1931, c1931
Schlagworte:
Tags: Tag hinzufügen
Keine Tags, Fügen Sie das erste Tag hinzu!

MARC

LEADER 00000nam^a2200000^a^4500
001 000120999
005 20250521000000.0
009 20260310094412.93
037 |a Acervo ITESO - Biblioteca 
041 |a ESP 
082 |a 947. 0841  |b SOL 
100 |a Solomon, Georges  |e (autor) 
245 1 0 |a Entre los jefes bolcheviques /  |c G. Solomon. 
264 4 |a Madrid, España :  |b Razón y Fe,  |c 1931, c1931 
300 |a 270 p. 
336 |a texto  |b txt  |2 rdacontenido 
337 |a sin mediación  |b n  |2 rdamedio 
338 |a volumen  |b nc  |2 rdasoporte 
520 |a Testimonio de un político ruso que fue parte del Partido Comunista en Rusia durante la Revolución de Octubre. 
649 |a XX 
650 |a Revolucionarios Rusos -  |x Memorias 
650 |a Políticos Rusos -  |x Memorias 
650 |a Crónicas Rusas 
650 |a Política -  |z Rusia -  |x Historia 
650 |a Rusia -  |x Historia -  |y Revolución de Octubre, 1917-1922 
650 |a Rusia -  |x Historia -  |y URSS, 1922-1991 
910 |a Fondo Salvador Reynoso Reynoso 
920 |a Impresos - Libros 
930 |a Fondos Especiales 
905 |a 112 
901 |a 0800005857  |b IT2  |c ESP  |u 20250521 
902 |a https://opac.biblio.iteso.mx/vufind/Record/000120999